Antigua and Barbuda : 2006 Article IV Consultation-Staff Report; Staff Statement; Public Information Notice on the Executive Board Discussion; and Statement by the Authorities of Antigua and Barbuda.

The staff report for the 2006 Article IV Consultation on Antigua and Barbuda highlights the economic backdrop and outlook for restoring sound public finances. The government of Antigua and Barbuda has adopted an ambitious reform program in its endeavor to pull the economy from decades of fiscal weak...

Full description

Bibliographic Details
Corporate Author: International Monetary Fund
Format: Journal
Language:English
Published: Washington, D.C. : International Monetary Fund, 2007.
Series:IMF Staff Country Reports; Country Report ; No. 2007/238
Online Access:Full text available on IMF
LEADER 01714cas a2200241 a 4500
001 AALejournalIMF009458
008 230101c9999 xx r poo 0 0eng d
020 |c 5.00 USD 
020 |z 9781451801897 
022 |a 1934-7685 
040 |a BD-DhAAL  |c BD-DhAAL 
110 2 |a International Monetary Fund. 
245 1 0 |a Antigua and Barbuda :   |b 2006 Article IV Consultation-Staff Report; Staff Statement; Public Information Notice on the Executive Board Discussion; and Statement by the Authorities of Antigua and Barbuda. 
264 1 |a Washington, D.C. :  |b International Monetary Fund,  |c 2007. 
300 |a 1 online resource (53 pages) 
490 1 |a IMF Staff Country Reports 
500 |a <strong>Off-Campus Access:</strong> No User ID or Password Required 
500 |a <strong>On-Campus Access:</strong> No User ID or Password Required 
506 |a Electronic access restricted to authorized BRAC University faculty, staff and students 
520 3 |a The staff report for the 2006 Article IV Consultation on Antigua and Barbuda highlights the economic backdrop and outlook for restoring sound public finances. The government of Antigua and Barbuda has adopted an ambitious reform program in its endeavor to pull the economy from decades of fiscal weakness and declining growth rates. The tax reform, including the imminent implementation of the value-added tax, is a major achievement. At the same time, it will be important to strengthen tax administration and tax compliance. 
538 |a Mode of access: Internet 
830 0 |a IMF Staff Country Reports; Country Report ;  |v No. 2007/238 
856 4 0 |z Full text available on IMF  |u http://elibrary.imf.org/view/journals/002/2007/238/002.2007.issue-238-en.xml  |z IMF e-Library